<?xml version="1.0" encoding="UTF-8"?>
<record
    xmlns:xsi="http://www.w3.org/2001/XMLSchema-instance"
    xsi:schemaLocation="http://www.loc.gov/MARC21/slim http://www.loc.gov/standards/marcxml/schema/MARC21slim.xsd"
    xmlns="http://www.loc.gov/MARC21/slim">

  <leader>01616cam a2200397 i 4500</leader>
  <controlfield tag="001">58897</controlfield>
  <controlfield tag="003">CO-BoRNBP</controlfield>
  <controlfield tag="005">20250828232257.0</controlfield>
  <controlfield tag="007">fb abunnna</controlfield>
  <controlfield tag="008">140728s2012    ck     gf     000 j spa d</controlfield>
  <datafield tag="020" ind1=" " ind2=" ">
    <subfield code="a">9789588257693</subfield>
  </datafield>
  <datafield tag="040" ind1=" " ind2=" ">
    <subfield code="a">CO-BoUNC</subfield>
    <subfield code="b">spa</subfield>
    <subfield code="e">rda</subfield>
    <subfield code="c">0</subfield>
  </datafield>
  <datafield tag="082" ind1="0" ind2="4">
    <subfield code="a">863.8244</subfield>
    <subfield code="b">M828L</subfield>
    <subfield code="2">23</subfield>
  </datafield>
  <datafield tag="084" ind1=" " ind2=" ">
    <subfield code="a">C IRU</subfield>
  </datafield>
  <datafield tag="100" ind1="1" ind2=" ">
    <subfield code="a">Morales, Ernesto</subfield>
    <subfield code="e">autor</subfield>
    <subfield code="9">50725</subfield>
  </datafield>
  <datafield tag="245" ind1="1" ind2="3">
    <subfield code="a">Cuentos y leyendas de amor para ni&#xF1;os : el irup&#xE9; [Braille] </subfield>
    <subfield code="c">Ernesto Morales.</subfield>
  </datafield>
  <datafield tag="250" ind1=" " ind2=" ">
    <subfield code="a">primera edic&#xED;on</subfield>
  </datafield>
  <datafield tag="264" ind1=" " ind2="1">
    <subfield code="a">Bogot&#xE1; D.C, Colombia</subfield>
    <subfield code="b">Instituto Nacional para Ciegos,</subfield>
    <subfield code="c">2012.</subfield>
  </datafield>
  <datafield tag="300" ind1=" " ind2=" ">
    <subfield code="a">18 p&#xE1;ginas en imprenta y braille (en tipograf&#xED;a macrotipo) ;</subfield>
    <subfield code="c">28 cm.</subfield>
  </datafield>
  <datafield tag="336" ind1=" " ind2=" ">
    <subfield code="a">texto t&#xE1;ctil</subfield>
    <subfield code="b">tct</subfield>
    <subfield code="2">rda contenido</subfield>
  </datafield>
  <datafield tag="337" ind1=" " ind2=" ">
    <subfield code="a">sin mediaci&#xF3;n</subfield>
    <subfield code="b">n</subfield>
    <subfield code="2">rda medio</subfield>
  </datafield>
  <datafield tag="338" ind1=" " ind2=" ">
    <subfield code="a">volumen</subfield>
    <subfield code="b">nc</subfield>
    <subfield code="2">rda soporte</subfield>
  </datafield>
  <datafield tag="490" ind1="1" ind2=" ">
    <subfield code="a">Cuentos y leyendas de amor para los ni&#xF1;os</subfield>
    <subfield code="v">2</subfield>
  </datafield>
  <datafield tag="500" ind1=" " ind2=" ">
    <subfield code="a">P&#xE1;ginas de impresi&#xF3;n en tinta macrotipo y braille</subfield>
  </datafield>
  <datafield tag="500" ind1=" " ind2=" ">
    <subfield code="a">Incluye glosario</subfield>
  </datafield>
  <datafield tag="500" ind1=" " ind2=" ">
    <subfield code="a">"Coedici&#xF3;n Latinoamericana"</subfield>
  </datafield>
  <datafield tag="500" ind1=" " ind2=" ">
    <subfield code="a">"Leyenda tomada del libro Leyendas Guaran&#xED;es, Buenos Aires, El Ateneo, 1949"</subfield>
  </datafield>
  <datafield tag="650" ind1="1" ind2="7">
    <subfield code="a">Cuentos infantiles argentinos</subfield>
    <subfield code="y">Siglo XX</subfield>
    <subfield code="v">Libros en braille</subfield>
    <subfield code="2">LEMB</subfield>
    <subfield code="9">64326</subfield>
  </datafield>
  <datafield tag="650" ind1="1" ind2="7">
    <subfield code="a">Literatura infantil argentina</subfield>
    <subfield code="y">Siglo XX</subfield>
    <subfield code="v">Libros en braille</subfield>
    <subfield code="2">LEMB</subfield>
    <subfield code="9">64327</subfield>
  </datafield>
  <datafield tag="650" ind1="1" ind2="7">
    <subfield code="a">Amor</subfield>
    <subfield code="v">Cuentos y leyendas</subfield>
    <subfield code="2">LEMB</subfield>
    <subfield code="9">64328</subfield>
  </datafield>
  <datafield tag="650" ind1="1" ind2="7">
    <subfield code="a">Guaran&#xED;es (Familia ind&#xED;gena)</subfield>
    <subfield code="v">Cuentos y leyendas</subfield>
    <subfield code="2">LEMB</subfield>
    <subfield code="9">64332</subfield>
  </datafield>
  <datafield tag="650" ind1="1" ind2="7">
    <subfield code="a">Irup&#xE9;</subfield>
    <subfield code="v">Cuentos y leyendas</subfield>
    <subfield code="2">LEMB</subfield>
    <subfield code="9">64333</subfield>
  </datafield>
  <datafield tag="650" ind1="1" ind2="7">
    <subfield code="a">Libros para ciegos</subfield>
    <subfield code="2">LEMB</subfield>
    <subfield code="9">37021</subfield>
  </datafield>
  <datafield tag="830" ind1=" " ind2="0">
    <subfield code="a">Cuentos y leyendas de amor para los ni&#xF1;os</subfield>
    <subfield code="v">2</subfield>
    <subfield code="9">64334</subfield>
  </datafield>
  <datafield tag="942" ind1=" " ind2=" ">
    <subfield code="2">lcc</subfield>
    <subfield code="c">BRAILE</subfield>
  </datafield>
  <datafield tag="999" ind1=" " ind2=" ">
    <subfield code="c">58897</subfield>
    <subfield code="d">58897</subfield>
  </datafield>
  <datafield tag="952" ind1=" " ind2=" ">
    <subfield code="0">0</subfield>
    <subfield code="1">0</subfield>
    <subfield code="2">lcc</subfield>
    <subfield code="4">0</subfield>
    <subfield code="7">0</subfield>
    <subfield code="8">INF</subfield>
    <subfield code="a">MESJUANI</subfield>
    <subfield code="b">MESJUANI</subfield>
    <subfield code="c">SInf</subfield>
    <subfield code="d">2025-08-28</subfield>
    <subfield code="l">0</subfield>
    <subfield code="o">C IRU</subfield>
    <subfield code="p">SJU02220</subfield>
    <subfield code="r">2025-08-28 23:24:00</subfield>
    <subfield code="t">Ej.1</subfield>
    <subfield code="w">2025-08-28</subfield>
    <subfield code="y">BRAILE</subfield>
  </datafield>
  <datafield tag="952" ind1=" " ind2=" ">
    <subfield code="0">0</subfield>
    <subfield code="1">0</subfield>
    <subfield code="2">ddc</subfield>
    <subfield code="4">0</subfield>
    <subfield code="7">0</subfield>
    <subfield code="8">INF</subfield>
    <subfield code="a">MEPLLERAS</subfield>
    <subfield code="b">MEPLLERAS</subfield>
    <subfield code="c">LIT</subfield>
    <subfield code="d">2025-10-16</subfield>
    <subfield code="l">0</subfield>
    <subfield code="o">863.8244 M828L</subfield>
    <subfield code="p">PLL02503</subfield>
    <subfield code="r">2025-10-16 15:51:17</subfield>
    <subfield code="t">Ej.1</subfield>
    <subfield code="w">2025-10-16</subfield>
    <subfield code="y">BRAILE</subfield>
  </datafield>
</record>
